Organizational Behavior (Record no. 225527)

MARC details
000 -LEADER
fixed length control field 00488nam a2200181Ia 4500
008 - FIXED-LENGTH DATA ELEMENTS--GENERAL INFORMATION
fixed length control field 230714s9999 xx 000 0 und d
020 ## - INTERNATIONAL STANDARD BOOK NUMBER
International Standard Book Number 9790000000000
041 ## - LANGUAGE CODE
Language code of text/sound track or separate title eng
082 ## - DEWEY DECIMAL CLASSIFICATION NUMBER
Classification number 658.3
Item number ROB
100 ## - MAIN ENTRY--PERSONAL NAME
Personal name Robbins S.P.
245 ## - TITLE STATEMENT
Title Organizational Behavior
250 ## - EDITION STATEMENT
Edition statement 18th ed.
260 ## - PUBLICATION, DISTRIBUTION, ETC. (IMPRINT)
Date of publication, distribution, etc. 2019
Name of publisher, distributor, etc. Pearson
300 ## - PHYSICAL DESCRIPTION
Extent 740
365 ## - TRADE PRICE
Currency code Rs.
Price amount 949.00
700 ## - ADDED ENTRY--PERSONAL NAME
Personal name Robbins S.P.; Judge T.A. & Vohra N.
9 (RLIN) 106424
906 ## - LOCAL DATA ELEMENT F, LDF (RLIN)
d O:0650513-Aug-2019B:560802-Aug-2019
c BCOMP
b 1660.75

No items available.